Countries Most Similar To Ethiopia - Statistics

General Stats
  • This quiz has been taken 55 times
  • The average score is 14 of 20
Answer Stats
Rank Country Score % Correct
1 Eritrea 76.1
100%
3 Kenya 66.2
95%
2 Somalia 68.8
95%
16 Sudan 63.1
95%
5 South Sudan 65.7
90%
17 Djibouti 63.1
85%
4 Tanzania 65.9
83%
7 Uganda 64.8
83%
9 Rwanda 64
78%
6 Chad 65.4
75%
19 Nigeria 62.8
73%
8 Mozambique 64.1
68%
11 Zimbabwe 63.8
60%
12 Cameroon 63.8
53%
10 Benin 63.9
45%
20 Ivory Coast 62.8
45%
14 Togo 63.3
45%
18 Angola 62.9
38%
13 Guinea 63.4
35%
15 Burkina Faso 63.3
33%
No matching quizzes found
Score Distribution
Percent of People with Each Score
Percentile by Number Answered
Your Score History
You have not taken this quiz